| 000 | 00578nam a2200205 a 4500 | ||
|---|---|---|---|
| 001 | BRCA_5687 | ||
| 005 | 20190320205200.0 | ||
| 008 | 020311s1921----gw-#######---#000-0#ger-# | ||
| 041 | _ager | ||
| 044 | _agw | ||
| 050 | 4 |
_aPT2638 _b.S37 1921 |
|
| 100 | 1 |
_aSchreckenbach, Paul _914447 |
|
| 245 | 1 | 0 |
_aEiserne Jugend _bein Burschenschaftsroman aus Jena _cvon Paul Schreckenbach. |
| 260 |
_aLeipzig _bL. Gtaadmann _c1921 |
||
| 300 |
_a1 v. (sin paginación) _c18 cm. _eun folleto |
||
| 500 | _aH8 | ||
| 651 | 4 |
_aJena (Alemania) _xHistoria _914448 |
|
| 902 | _aGFM | ||
| 942 |
_2lcc _cB |
||
| 999 |
_c5380 _d5380 |
||